000 00815nam a2200253 a 4500
001 67440
003 BD-RjUL
005 20211209081645.0
008 170325s1968 nyua 001 0 eng d
035 _a(BD-RjUL)67571
040 _aDLC
_cDLC
_dDLC
_dBD-RjUL
_beng
041 _aeng
082 0 0 _a660.28
_223
_bPEP 1968
100 1 _aPeters, Max Stone,
_d1920-
_9199839
245 1 0 _aPlant design and economics for chemical engineers /
_c Max S. Peters and Klaus D. Timmerhaus.
250 _a2d ed.
260 _aNew York :
_bMcGraw-Hill,
_c1968
300 _a850 p. :
_bill. ;
_c23 cm.
490 0 _aMcGraw-Hill chemical engineering series
500 _aIncludes index
650 0 _aChemical plants
_xDesign and construction.
_9199840
700 1 _aTimmerhaus, Klaus D.,
_ejoint author.
_9199841
942 _2ddc
_cBK
999 _c67440
_d67440